00694nam a2200193 i 450000100060000000300090000600500170001500700030003200800410003510000270007624501210010325000120022426000360023630000350027270000220030785200320032999900170036195201220037886384ES-MaACL20230906175433.0t|041209s1969 sp ||||1| spa d1 aKarlson, Peter.96756710aManual de Bioquímica b: para médicos, naturalistas y farmaceúticos / cpor P. Karlson ; versión, F. Pulido. a3ª ed. aBarcelona : bMarín, c[1969] aXVI, 423 p. : bil. ; c24 cm.1 aPulido, F.994370 aES-MaACLjC-37798 bR.70842 c86384d86384 00104070aATENEOMbATENEOMcDEPO2d2008-01-17eSCl0oC-37798p1090254r2023-02-23 00:00:00w2023-02-23yMONOGRAFIA